000
00206 a2200097 4500
001
4702
100
_a
Binder,R.C
245
_a
Advanced fluid mechanics
260
_a
_b
Prentic-Hall
_c
090
_c
3894
_d
3894
942
_a
NUST-CAE
_c
M
_c
30149
999
_c
239775
_d
239775